Разработка оригинального проекта места для отдыха с использованием особенностей естественного ландшафта; Молодежь и современные информационные технологии; Т. 2

Dades bibliogràfiques
Parent link:Молодежь и современные информационные технологии: сборник трудов XIII Международной научно-практической конференции студентов, аспирантов и молодых ученых, г. Томск, 9-13 ноября 2015 г./ Национальный исследовательский Томский политехнический университет (ТПУ), Институт кибернетики (ИК) ; под ред. Т. Е. Мамоновой [и др.].— , 2016
Т. 2.— 2016.— [С. 220-221]
Autor principal: Растригина А. Д.
Autor corporatiu: Национальный исследовательский Томский политехнический университет (ТПУ) Институт кибернетики (ИК) Кафедра инженерной графики и промышленного дизайна (ИГПД)
Altres autors: Фех А. И. Алина Ильдаровна, Батырова Г. В.
Sumari:Заглавие с титульного экрана
Idioma:rus
Publicat: 2016
Col·lecció:Компьютерная графика и дизайн
Matèries:
Accés en línia:http://earchive.tpu.ru/handle/11683/17052
Format: MixedMaterials Electrònic Capítol de llibre
KOHA link:https://koha.lib.tpu.ru/cgi-bin/koha/opac-detail.pl?biblionumber=617730

MARC

LEADER 00000naa2a2200000 4500
001 617730
005 20231218140452.0
035 |a (RuTPU)RU\TPU\conf\16043 
035 |a RU\TPU\conf\16042 
090 |a 617730 
100 |a 20160322d2016 k y0rusy50 ca 
101 0 |a rus 
102 |a RU 
105 |a y z 101zy 
135 |a drcn ---uucaa 
181 0 |a i  
182 0 |a b 
200 1 |a Разработка оригинального проекта места для отдыха с использованием особенностей естественного ландшафта  |f А. Д. Растригина, А. И. Фех, Г. В. Батырова 
203 |a Текст  |c электронный 
225 1 |a Компьютерная графика и дизайн 
300 |a Заглавие с титульного экрана 
320 |a [Библиогр.: с. 221 (5 назв.)] 
337 |a Adobe Reader 
461 1 |0 (RuTPU)RU\TPU\conf\15701  |t Молодежь и современные информационные технологии  |o сборник трудов XIII Международной научно-практической конференции студентов, аспирантов и молодых ученых, г. Томск, 9-13 ноября 2015 г.  |o в 2 т.  |f Национальный исследовательский Томский политехнический университет (ТПУ), Институт кибернетики (ИК) ; под ред. Т. Е. Мамоновой [и др.]  |d 2016 
463 0 |0 (RuTPU)RU\TPU\conf\15706  |t Т. 2  |v [С. 220-221]  |d 2016 
610 1 |a труды учёных ТПУ 
610 1 |a электронный ресурс 
610 1 |a естественные ландшафты 
610 1 |a 3D-моделирование 
610 1 |a проектирование 
610 1 |a дизайн-проекты 
610 1 |a ТПУ 
700 1 |a Растригина  |b А. Д. 
701 1 |a Фех  |b А. И.  |c специалист в области начертательной геометрии  |c старший преподаватель Томского политехнического университета  |f 1978-  |g Алина Ильдаровна  |3 (RuTPU)RU\TPU\pers\29059  |9 13759 
701 1 |a Батырова  |b Г. В. 
712 0 2 |a Национальный исследовательский Томский политехнический университет (ТПУ)  |b Институт кибернетики (ИК)  |b Кафедра инженерной графики и промышленного дизайна (ИГПД)  |3 (RuTPU)RU\TPU\col\18737 
801 2 |a RU  |b 63413507  |c 20160405  |g RCR 
856 4 |u http://earchive.tpu.ru/handle/11683/17052 
942 |c BK